| 000 | 00417nab a2200133Ia 4500 | ||
|---|---|---|---|
| 003 | ES-SlBCS | ||
| 005 | 20210601143857.0 | ||
| 008 | 140529s1997 xxu||||| |||| 00| 0 spa d | ||
| 041 | _aspa | ||
| 100 | 1 |
_aBimbato, José Mário _9294299 |
|
| 245 | 0 | 0 |
_aO conceito de éctese na lógica de Aristóteles _c José Mário Bimbato |
| 773 | 0 |
_tPresença Filosofica _gvol. 22, nº. 1-2, 1997, págs. 58-66 _wRev966 |
|
| 942 | _cAR | ||
| 999 |
_c699270 _d699270 |
||